00984nam a22002055i 450000100060000000300090000600500170001500700030003200800410003504000200007610000940009624502550019026000500044530000370049570000520053270000280058485200230061299900170063595201260065248488ES-MaACL20250815063219.0t|950720s1841 fr ||||1| fre d aCAM bspa cCAM1 aLacépède, Bernard Germain Etienne de la Ville sur Illon,cComte de,d1756-182596935110aHistoire naturelle de Lacépede b: comprenant les cétaces, les quadrupédes ovipares, les serpens et les poissons / cBernard Delaville; nouvelle édition précédée de l'eloge de Lacépede par M. Cuvier; avec de notes de M.A.G. Desmarest. aParis : bFurne et Cie., c1841 (fSchneider) a2 v., 36 h. de lám. ; c26 cm.1 aCuvier, Fréderic Georges, d1773-183891266801 aDesmarest, A. G.943897 aES-MaACLjG-7887-8 c48488d48488 001040708LIBXIXaATENEOMbATENEOMcSPP3d2008-01-17eSCl0oG-7887-8p1051026r2023-02-23 00:00:00w2023-02-23yMONANT